Mort subite Capitales et pays (Afrique) - Statistiques

Statistiques générales
  • Ce quiz a été pris 375 fois
  • Le résultat moyen est 8 sur 16
Answers on the Grid
Answers color-coded by a green-red scale on the quiz's grid according to % correct below.
Yamoussoukro - Côte d'ivoire
Victoria - Seychelles
Asmara - Ghana
Cotonou - Mali
Banjul - Centrafrique
Ndjamena - Tchad
Dakar - Gambie
Mbabane - Eswatini
Praia - Cap vert
Douala - Zimbabwe
Kinshasa - RD Congo
Bissau - Guinée
Libreville - Congo
Kigali - Rwanda
Khartoum - Soudan
Gaborone - Botswana
Lusaka - Angola
Moroni - Liberia
Kampala - Ouganda
Nouakchott - Somalie
Rabat - Lesotho
Windhoek - Mauritanie
Le Caire - Egypte
Tripoli - Rwanda
Port-Louis - Comores
Yaoundé * Côte d'ivoire
Conakry - Guinée
Alger - Algérie
Djouba - Soudan
Tunis - Tunisie
 
Statistiques - réponses
Réponse % Correct
Cotonou - Mali
71%
Dakar - Gambie
66%
Asmara - Ghana
64%
Douala - Zimbabwe
56%
Rabat - Lesotho
56%
Banjul - Centrafrique
55%
Bissau - Guinée
55%
Yaoundé * Côte d'ivoire
54%
Tripoli - Rwanda
53%
Libreville - Congo
51%
Nouakchott - Somalie
43%
Windhoek - Mauritanie
42%
Lusaka - Angola
40%
Djouba - Soudan
38%
Port-Louis - Comores
38%
Moroni - Liberia
37%
Aucun quiz correspondant
Distribution des résultats
% des personnes avec chaque résultat
Percentile par nombre de réponses
Votre historique - résultats
Vous n’avez pas pris ce quiz